000 01572cam a22004337a 4500
003 CHAP
005 20220329141206.0
008 971010s1983 r 00010 d
010 _a64106
011 _a65078
035 _a71239
040 _cCHAP
090 _aT239
090 _aTesis
100 0 0 _aTovar Luna, Ignacio.
_9114409
245 0 _aValor nutritivo de la paja de frijol (Phaseolus vulgaris, L.) suplementada, consumida ad libitum por ovinos, caprinos y bovinos
260 _aChapingo, Méx. :
_bEl autor,
_c1983
300 _a50 h.
502 _aTesis (Ing. Agrónomo Esp. en Zootecnia) -- UACH. Departamento de Zootecnia
590 _aALEPH
_b10
_c20130110
_lUCH01
_h1349
590 _aBATCH-UPD
_b10
_c20130110
_lUCH01
_h0455
590 _aBATCH-UPD
_b10
_c20130110
_lUCH01
_h2234
590 _aBATCH-UPD
_b10
_c20130410
_lUCH01
_h0132
590 _aBATCH-UPD
_b10
_c20130914
_lUCH01
_h1442
590 _aCONVERSION
_b10
_c20130109
_lUCH01
_h1335
650 1 4 _aFrijol
_xSubproductos.
_943437
650 1 4 _aGanado cabrío
_xAlimentación.
_944990
650 1 4 _aGanado lanar
_xAlimentación.
_945153
650 1 4 _aGanado vacuno
_xAlimentación.
_945429
650 1 4 _aPaja de frijol.
_984775
710 0 _aUACH. Departamento de Zootecnia.
_9115904
901 _aBK
942 _cFOLL
949 _aT239
_bZ
_cTESBD
_d-3843
_eTS1
_h701
_i71239
_si
949 _bBC
_cTES
_d-152856
_eTS1
_h17170
_i71239
_si
949 _bBC
_cTES
_d-152857
_eTS2
_fc.2
_h17171
_i71239
_si
949 _bBC
_cTES
_d-152858
_eTS2
_fc.3
_h17172
_i71239
_si
949 _bZA
_cTES
_d-4986
_eTS1
_i71239
_si
999 _c64106
_d64106